000 01023 a2200265 4500
005 20191112092126.0
008 191112s2019 fr ||||| |||| 00| 0 fre d
020 _a9782810706204
040 _aCO-BoUCM
_bspa
_cSaul Niño
_dSaul Niño
041 0 _afre
100 1 0 _aGermanos Besson, Dina
_d1978-
_999205
245 1 3 _aLa farce, ou, La condition humaine post-tragique
_bque nous apprend le Liban du lien social contemporain?
246 _aLa farce, ou, La condition humaine post-tragique
_bque nous apprend le Liban du lien social contemporain
260 _aToulouse
_bUniversitaires du Midi
_c2019
300 _a238 páginas
490 0 _aPsychanalyse &
546 _aTexto en francés
650 7 _917116
_aIdentidad colectiva
650 7 _917115
_aIdentidad (Psicología)
_xAspectos sociales
650 7 _922781
_aPsicoanálisis
651 _aLíbano
_xCondiciones sociales
_999206
700 1 0 _aLamote, Thierry
_994853
942 _cLIBRO
_2DEWEY
_a9
_e1
_h155.2
_mG373f
999 _c315849
_d315849